Art or Not? Quiz Stats

 Plays Quiz Updated Sep 5, 2014

Support Sporcle.
Go Orange.
Score 0/20 Timer 05:00
1 Play Today
% Correct
Not art! it's a pile of trash in New Jersey
86%
It's art! Mel Bochner, Blah Blah Blah, 2014
83.4%
Not Art! It's the inside of an abandoned crack house
82.6%
Not art! It's a blank piece of paper
81.9%
Not Art! It's an automotive battery
80.8%
It's art! Cady Noland, Misc. Spill, 1990
77.3%
Not Art! It's the Declaration of American Independence
76.5%
It's art! Tom Friedman, Untitled (fly), 1995
76%
It's art! Robert Ryman, Twin, 1965
75.8%
It's art! Gabriel Orozco, Pendulum, 1996
75.2%
% Correct
Not Art! It's a window air conditioner unit
75.1%
Not art! It's a skateboard
74.9%
It's art! Tracey Emin, My Bed, 1998
74.2%
It's art! Jules Olitski, Lysander-1, 1970
68.7%
It's art! Carl Andre, Weathering Piece, 1970
65.5%
Not Art! It's a foosball table
56.8%
Not art! Those are floating box wall shelves from IKEA
56.5%
It's art! Dan Flavin, The Diagonal of May 25, 1963, 1963
55.3%
It's art! Marcel Duchamp, In Advance of a Broken Arm, 1964
44.9%
It's art! Marcel Broodthaers, Pot of Mussels, 1968
44%

You're not logged in!

Compare scores with friends on all Sporcle quizzes.
OR
Log In
Forgot?

From the Vault

27 Most Common English Verbs

by mikschmvlg

Jump into action, and do well on this quiz.
Remove Ads.
Support Sporcle.
Get the best of Sporcle when you Go Orange. This ad-free experience offers more features, more stats, and more fun while also helping to support Sporcle. Thank you for becoming a member.

Show Comments

Extras

Top Quizzes Today


Score Distribution

Your Account Isn't Verified!

In order to create a playlist on Sporcle, you need to verify the email address you used during registration. Go to your Sporcle Settings to finish the process.

Report this User

Report this user for behavior that violates our Community Guidelines.

Details: